Most Biodiverse Countries - Statistics

General Stats
  • This quiz has been taken 73 times
  • The average score is 8 of 11
Answer Stats
Answer % Correct
Brazil
95%
United States
95%
India
89%
China
88%
Indonesia
82%
Australia
77%
Mexico
75%
Colombia
71%
Peru
60%
Venezuela
57%
Ecuador
42%
No matching quizzes found
Score Distribution
Percent of People with Each Score
Percentile by Number Answered
Your Score History
You have not taken this quiz